| 000 | 01187nam a2200229Ia 4500 | ||
|---|---|---|---|
| 003 | Ost | ||
| 005 | 20260507075015.0 | ||
| 008 | 260507s9999||||xx |||||||||||||| ||und|| | ||
| 040 | _cfsecg | ||
| 041 | _aara | ||
| 082 | _a382.17 | ||
| 100 |
_aمطر، موسى سعيد _eمؤلف |
||
| 245 | 0 |
_aالمالية الدولية / _c موسى سعيد مطر |
|
| 260 |
_aعمان: _bدار صفاء, _c2003 |
||
| 300 |
_a191 صفحة؛ _bإيضاحات ؛ _c24 سم |
||
| 520 | _aميزان المدفوعات-العملات الأجنبية-سعر الصرف الأجنبية-تسمية أسعار العملات الأجنبية-أسعار العملات الأجنبية-أوضاع المتعاملين-عمليات التعامل الآجل-تحليل الخيارات-عمليات التبديل أو المقايضة-مراقبة عمليات التعامل-المؤسسات المالية الدولية-الشركات المتعددة الجنسيات | ||
| 653 | _aالشركات الدولية | ||
| 653 | _aالمالية الدولية | ||
| 653 | _aميزان المدفوعات | ||
| 700 |
_a شقيري، نوري موسى _eمؤلف ثانوي |
||
| 942 | _cكتاب | ||
| 999 |
_c42198 _d42198 |
||